000 01037nam a2200217Ia 4500
003 Ost
005 20260507075411.0
008 260507s9999||||xx |||||||||||||| ||und||
040 _cfsecg
041 _aara
082 _a330
100 _aعلام، أحمد عبد السميع
_eمؤلف
245 0 _aعلم الإقتصاد السياحي /
_c أحمد عبد السميع علام
260 _aالإسكندرية:
_bدار الوفاء لدينا للنشر,
_c2008
300 _a372 صفحة؛
_bإيضاحات ؛
_c25 سم
504 _aالمراجع ص.366
520 _aيضم الإطار العام لمفهوم السياحة وأنواعها ومعوقات السياحة، التخطيط السياحي، السوق السياحي، الدخل السياحي، متطلبات صناعة السياحة في ظل التحديات العالمية، السياحة ومشاكل التنمية الإقتصادية
653 _aالسياحة
653 _aالسياحة- اقتصاديات
942 _cكتاب
999 _c44398
_d44398